|
|
|
|
| LEADER |
02229nam a2200553 i 4500 |
| 001 |
001899656 |
| 003 |
CZ BrMZK |
| 005 |
20240718134141.0 |
| 007 |
ta |
| 008 |
181225s1992 xr c e o 000 0 cze |
| 020 |
|
|
|q (Volné listy v obalu)
|
| 040 |
|
|
|a BOA001
|b cze
|e rda
|
| 043 |
|
|
|a e-xr---
|b e-xr-pg
|2 czenas
|
| 045 |
|
|
|a x9x9
|
| 072 |
|
7 |
|a 821.162.3.09
|x Česká literatura (o ní)
|2 Konspekt
|9 11
|
| 080 |
|
|
|a 821.162.3-2
|2 MRF
|
| 080 |
|
|
|a 792.2
|2 MRF
|
| 080 |
|
|
|a 792.072.3
|2 MRF
|
| 080 |
|
|
|a (437.311)
|2 MRF
|
| 080 |
|
|
|a (437.3)
|2 MRF
|
| 080 |
|
|
|a (0:82-95)
|2 MRF
|
| 245 |
0 |
0 |
|a [Jakub a jeho pán] :
|b [výstřižky divadelních recenzí díla] : [Divadlo K]
|
| 264 |
|
1 |
|a [Praha] :
|b [Divadlo K],
|c [1992]
|
| 300 |
|
|
|a 14 nečíslovaných listů :
|b portréty ;
|c 30 cm
|
| 336 |
|
|
|a text
|b txt
|2 rdacontent
|
| 337 |
|
|
|a bez média
|b n
|2 rdamedia
|
| 338 |
|
|
|a list
|b nb
|2 rdacarrier
|
| 500 |
|
|
|a Výstřižky divadelních recenzí díla Milan Kundera: Jakub a jeho pán v provedení Divadla K za leden až srpen 1992 sestavený Divadlem K
|
| 500 |
|
|
|a Uloženo v kartonové krabici (45 x 33 x 12 cm)
|
| 600 |
1 |
7 |
|a Kundera, Milan,
|d 1929-2023.
|t Jakub a jeho pán
|7 aun20231209540
|2 czenas
|
| 630 |
0 |
7 |
|a Jakub a jeho pán (divadelní inscenace : Městská divadla pražská : 1992)
|7 unn20241232127
|2 czenas
|
| 648 |
|
7 |
|a 20. století
|7 ch460558
|
| 648 |
|
7 |
|a 1992
|7 ch460666
|
| 648 |
|
7 |
|a 1991-2000
|7 ch460587
|
| 650 |
0 |
7 |
|a české drama
|y 20. století
|7 ph128137
|2 czenas
|
| 650 |
0 |
7 |
|a divadelní inscenace
|z Česko
|y 1991-2000
|7 ph114330
|2 czenas
|
| 650 |
0 |
7 |
|a divadelní kritika
|z Česko
|y 1991-2000
|7 ph119500
|2 czenas
|
| 650 |
0 |
9 |
|a Czech drama
|y 20th century
|2 eczenas
|
| 650 |
0 |
9 |
|a theatrical productions
|z Czechia
|y 1991-2000
|2 eczenas
|
| 650 |
0 |
9 |
|a dramatic criticism
|z Czechia
|y 1991-2000
|2 eczenas
|
| 651 |
|
7 |
|a Praha (Česko)
|7 ge118011
|2 czenas
|
| 651 |
|
9 |
|a Prague (Czechia)
|2 eczenas
|
| 655 |
|
7 |
|a recenze
|7 fd133231
|2 czenas
|
| 655 |
|
9 |
|a reviews
|2 eczenas
|
| 710 |
2 |
|
|a Divadlo K
|7 kn20010710710
|4 oth
|4 isb
|
| 856 |
4 |
1 |
|u http://www.digitalniknihovna.cz/mzk/view/uuid:8a415a07-02aa-41a6-956c-d7303d26e651
|y Digitalizovaný dokument
|
| 910 |
|
|
|a BOA001
|b KMK-0002.307,18
|
| 990 |
|
|
|a BK
|
| 991 |
|
|
|z 000185363
|